Corporate finance /
Overview. Value and capital budgeting. Risk. Capital structure and dividend policy. Long-term financing. Financial planning and short-term finance. Special topics.
Wedi'i Gadw mewn:
| Prif Awdur: | |
|---|---|
| Awduron Eraill: | , |
| Fformat: | Llyfr |
| Iaith: | English |
| Cyhoeddwyd: |
Chicago :
Irwin,
1996.
|
| Rhifyn: | 4th ed. |
| Pynciau: | |
| Tagiau: |
Ychwanegu Tag
Dim Tagiau, Byddwch y cyntaf i dagio'r cofnod hwn!
|
| Thư viện lưu trữ: | Mạng thư viện Đại học Đà Nẵng |
|---|
| LEADER | 01110cam a2200373 i 4500 | ||
|---|---|---|---|
| 001 | 000049576 | ||
| 003 | 9326 | ||
| 005 | 20051111143946.0 | ||
| 008 | 010320b1996 vm 000 eng | ||
| 020 | |a 0256206902 | ||
| 040 | |a IRC |c IRC |d IRC | ||
| 041 | 0 | |a eng | |
| 082 | 1 | 4 | |a 658.15 |b RO-S |
| 100 | 1 | |a Ross, Stephen A. | |
| 245 | 0 | 0 | |a Corporate finance / |c Stephen A. Ross, Randolph W. Westerfield, Jeffrey Jaffe. |
| 250 | |a 4th ed. | ||
| 260 | |a Chicago : |b Irwin, |c 1996. | ||
| 300 | |a xxiii, 899 p. : |b ill. ; |c 25.3cm. | ||
| 520 | 3 | |a Overview. Value and capital budgeting. Risk. Capital structure and dividend policy. Long-term financing. Financial planning and short-term finance. Special topics. | |
| 630 | 0 | 4 | |a Finance. |
| 630 | 0 | 4 | |a Corporations. |
| 650 | 0 | 4 | |a Corporations |x Finance. |
| 700 | 1 | |a Westerfield, Randolph W. | |
| 700 | 1 | |a Jaffe, Jeffrey. | |
| OWN | |a DUT | ||
| 999 | |a From the UDN01 | ||
| TYP | |a Monograph | ||
| TYP | |a Printed language | ||
| 980 | |a Mạng thư viện Đại học Đà Nẵng | ||


